[Event "3. Open Bohumin 2020"]
[Site "Bohumin"]
[Date "2020.07.20"]
[Round "3.3"]
[White "Molenda, Marcin"]
[Black "Lojek, Marek"]
[Result "1-0"]
[WhiteElo "2363"]
[BlackElo "2196"]
[Annotator "TA"]
[PlyCount "85"]
[EventDate "2020.07.18"]
[EventType "swiss"]
[EventCountry "CZE"]
[SourceTitle "playchess.com"]
[Source "ChessBase"]
[SourceQuality "1"]

{[%evp 13,85,57,74,74,64,61,64,62,83,70,83,23,30,19,27,43,41,33,26,18,52,38,36,31,25,32,42,0,145,139,145,53,56,48,59,64,352,55,60,0,0,-503,-503,-503,-499,-498,-497,-496,-496,-469,0,0,0,0,0,0,0,0,0,0,118,99,1002,1066,982,806,1097,991,1425,1208,12839,12839,12840,12832]} 1. d4 Nf6 2. c4 c5 3. d5 b5 4. cxb5 a6 5. bxa6 g6 6. Nc3 Bg7 7. e4 d6 8. a7 {A58: Benko/Volga Gambit: Lines with 5 bxa6.} Rxa7 9. Be2 O-O 10. Nf3 {White is slightly better.} Qa5 {White should prevent ...Nxe4.} 11. O-O Ba6 12. e5 (12. Re1 $16) 12... dxe5 $11 13. Nxe5 {[#]} Nxd5 $146 ({Predecessor:} 13... Rd8 14. Bxa6 Qxa6 15. Qf3 Rb7 16. Re1 Rb4 17. h3 Qa8 18. d6 Qxf3 19. dxe7 Qd5 20. Nxd5 Rxd5 {1-0 (30) L'Ami,E (2606)-Van Wely,L (2658) playchess.com INT 2016}) 14. Qxd5 (14. Nxd5 Bxe5 15. Bxa6 Qxa6 $15) 14... Bb7 15. Qc4 {f4 is the strong threat.} Bxe5 16. Nb5 $36 {[%mdl 2048] White fights for an advantage.} Ra8 17. Qxc5 Bf6 18. a4 Rc8 19. Qa3 Na6 {[%cal Bb8a6,Ba6b4,Bb4d3][%mdl 32]} 20. Ra2 Rxc1 (20... Bd5 $11 {remains equal.} 21. Ra1 Qb4) 21. Rxc1 $16 Qd2 22. b3 (22. b4 $1 $16 Qg5 23. Bf1) 22... Qg5 $14 {[%csl Gb7][%cal Rg5g2]} 23. Bf1 {Black must now prevent Rac2.} Nb4 $1 {[%cal Rb4a2]} 24. Rc7 Bxg2 $2 {[%mdl 8192]} (24... Nxa2 $14 25. Rxb7 Qd2) 25. Bxg2 $2 (25. f4 $1 $18 {[%cal Rf4g5]} Qxf4 26. Rxg2) 25... Rd8 $1 {[%cal Rd8d1]} 26. Ra1 (26. Qc1 $1 $14 Qxc1+ 27. Rxc1 Nxa2 28. Rc4) 26... Nd3 $1 $11 {[%cal Rd3f4] ( -> ...Nf4)} 27. Rc2 $2 {[%mdl 8192]} (27. Rc4 $11 {and White stays safe.} Bxa1 28. Qxa1 Nxf2 29. Rd4 Nh3+ 30. Kh1 Rxd4 31. Nxd4 Nf2+ 32. Kg1 Nh3+ 33. Kh1 (33. Kf1 Qf6+ 34. Bf3 e5 $11) 33... Nf2+ 34. Kg1 Nh3+ 35. Kf1 Qf6+ 36. Bf3) 27... Nf4 $1 $19 {[%csl Gf4][%cal Rg5g2]} 28. f3 Nxg2 29. Rxg2 Qe3+ 30. Kh1 {Hoping for Rf1.} Bxa1 31. Qxa1 Qxf3 $2 (31... Rc8 $1 $19 {And now ...Rc1+ would win.} 32. Ra2 Qxf3+ 33. Kg1 Qe3+ 34. Kg2 Rc1 35. Qxc1 Qxc1) 32. Nd4 $11 Qe4 33. Ne2 $1 Rd2 34. Qf1 Qd3 {Threatens to win with ...Rd1!} 35. Qf2 Qb1+ 36. Rg1 $1 {[%cal Rg1b1]} ({But not} 36. Qg1 $2 Rd1 $19) 36... Qe4+ (36... Qxb3 $11 {keeps the balance.} 37. Qg3 Qd5+ 38. Qg2 Qc4) 37. Qg2 $1 $16 {[%cal Rg2e4]} ({Don't play} 37. Rg2 $6 Qb1+ 38. Rg1 (38. Qg1 $2 Rd1 $19) 38... Qe4+ 39. Rg2 Qb1+ $11) 37... Qxe2 $2 {[%mdl 8192]} (37... Qe5 $16 38. Qa8+ Kg7) 38. Qxe2 $18 {White is clearly winning.} Rxe2 $16 {[#] KR-KR} 39. Ra1 $1 Rb2 {[#]} 40. Ra3 $1 f5 41. a5 {[%cal Ba4a5,Ba5a6][%mdl 32]} f4 42. a6 f3 43. Kg1 {Accuracy: White = 74%, Black = 57%.} 1-0

[Event "3. Open Bohumin 2020"]
[Site "Bohumin"]
[Date "2020.07.20"]
[Round "3.4"]
[White "Weinzettl, Ernst"]
[Black "Mrazek, Lumir"]
[Result "1-0"]
[WhiteElo "2166"]
[BlackElo "2333"]
[Annotator "TA"]
[PlyCount "85"]
[EventDate "2020.07.18"]
[EventType "swiss"]
[EventCountry "CZE"]
[SourceTitle "playchess.com"]
[Source "ChessBase"]
[SourceQuality "1"]

{[%evp 18,85,39,36,40,29,28,39,49,41,37,32,45,36,58,58,58,51,53,59,56,53,67,52,59,52,74,22,22,18,102,101,102,93,89,27,34,14,91,82,89,78,56,57,59,59,102,96,168,160,166,154,158,162,251,260,227,239,4134,125,4133,278,972,121,412,404,29973,29975,29972,29968]} 1. e4 c5 2. Nf3 Nc6 3. d4 cxd4 4. Nxd4 e5 5. Nb5 a6 6. Nd6+ Bxd6 7. Qxd6 Qf6 8. Qxf6 Nxf6 9. Nc3 Nb4 10. Bd3 d6 {is recently more successful than 10...d5. B32: Sicilian: Löwenthal and Kalashnikov Variations.} 11. Bg5 Nxd3+ 12. cxd3 Be6 {White is slightly better.} 13. Bxf6 gxf6 14. f4 f5 15. O-O exf4 16. exf5 Bxf5 17. Rxf4 Be6 {[#]} 18. d4 $146 ({Predecessor:} 18. Re1 O-O 19. Re3 d5 20. a3 Rac8 21. Rg3+ Kh8 22. Kf2 Rc6 23. Ke3 Rd8 24. Kd4 {1-0 (38) Petschar,K (2259)-Leitner,K (2128) Frohnleiten 2000}) 18... d5 19. Re1 Kd7 20. Re5 Kd6 21. Rf6 Rac8 22. Rh6 (22. Kf2 $1 $16) 22... Rc4 $1 $11 23. Rxd5+ Kc6 (23... Ke7 $11 24. Rc5 Rxd4) 24. Rf5 $1 $16 {[%cal Rf5f7]} Kc7 25. Rf4 b5 {[%cal Bb7b5,Bb5b4][%mdl 32]} 26. Rhf6 (26. a3 $16) 26... b4 $1 $11 {[%cal Rb4c3]} 27. Na4 a5 (27... Rc1+ $11 {remains equal.} 28. Rf1 Rxf1+ 29. Rxf1 Rd8) 28. b3 $16 Rc2 {[#]} 29. Rf2 $1 $36 {[%cal Rf2c2][%mdl 2048] White is in control.} Rc1+ 30. Rf1 Rxf1+ 31. Kxf1 $14 {[%mdl 4096] Endgame KRB-KRN} Kd6 32. Ke2 Rc8 (32... h5 $16) 33. Nc5 $18 Kd5 34. Kd3 Rg8 35. g3 Rg4 (35... h5 {was called for.} 36. Na4 Rg5) 36. Nxe6 fxe6 {KR-KR} 37. Rf4 h5 $2 (37... Rg5 38. Rf8 Rh5) 38. Ke3 $2 (38. Rxg4 $18 {and the rest is easy.} hxg4 39. Ke3) 38... e5 $2 {[%mdl 8192]} (38... Rg8 $16 39. Rf7 Rg4) 39. dxe5 $2 (39. Rxg4 hxg4 40. dxe5 Kxe5 41. Kf2) 39... Kxe5 $2 (39... Rg5 40. Re4 Ke6) 40. Rf8 $2 (40. Rxg4 $18 {is the precise move to win. Threatening mate with Rg5+.} hxg4 41. Kf2) 40... h4 $2 {[%mdl 8192] [#]} (40... Rg5 $16 41. Ra8 Kf6 42. Ra6+ Kg7) 41. Rf4 $1 {[%cal Rf4g4]} Rxf4 (41... Rg5 $18 42. Rxh4 Kf6 43. Rf4+ Kg6) 42. gxf4+ Kf5 43. h3 {Accuracy: White = 63%, Black = 48%.} 1-0

[Event "3. Open Bohumin 2020"]
[Site "Bohumin"]
[Date "2020.07.20"]
[Round "3.5"]
[White "Michenka, Jozef"]
[Black "Sramek, Vojtech"]
[Result "1-0"]
[WhiteElo "2299"]
[BlackElo "2177"]
[Annotator "TA"]
[PlyCount "119"]
[EventDate "2020.07.18"]
[EventType "swiss"]
[EventCountry "CZE"]
[SourceTitle "playchess.com"]
[Source "ChessBase"]
[SourceQuality "1"]

{[%evp 14,119,20,2,21,24,31,18,0,0,0,0,-7,-10,-8,-8,16,16,10,20,28,13,45,12,20,15,15,5,11,11,24,24,20,10,15,10,31,22,11,23,38,52,43,0,0,0,46,45,85,85,85,85,95,85,89,85,116,116,116,116,116,116,168,172,172,134,216,216,636,614,738,721,960,781,1557,1522,29970,29973,29970,29974,29971,29975,29975,29976,29976,29975,29974,29975,29975,0,29971,29974,29975,29977,29977,29978,29978,29978,29978,29979,29978,29979,29984,29985,29985,29986,29986,29987]} 1. d4 Nf6 2. c4 e6 3. Nc3 Bb4 4. Qc2 Nc6 5. Nf3 d6 6. a3 Bxc3+ 7. Qxc3 O-O 8. e3 e5 {E33: Nimzo-Indian: Classical: 4...Nc6.} 9. dxe5 dxe5 10. Nxe5 Nxe5 {The position is equal.} 11. Qxe5 Re8 {[#]} 12. Qg5 $146 ({Predecessor:} 12. Qc3 Ne4 13. Qc2 Bf5 14. Bd3 Nxf2 15. Bxf5 Nxh1 16. g3 Qf6 17. Bd2 g6 18. Ke2 Qxf5 19. Qxf5 gxf5 20. Rxh1 {0-1 (42) Wozniak,M (2246)-Tsolakidou,S (2355) Khanty-Mansiysk 2016}) 12... h6 ({Much worse is} 12... Bg4 13. f3 $16) 13. Qa5 Ne4 {White must now prevent ...Qf6!} ({Of course not} 13... Bg4 $6 14. f3 $16) 14. Be2 Qf6 15. O-O b6 16. Qe1 Be6 17. a4 Nd6 18. Ra3 (18. c5 $5 bxc5 19. Qa5 $11) 18... Bxc4 19. Bxc4 Nxc4 20. Rc3 Nd6 21. Rxc7 Rec8 22. Rxc8+ $1 Rxc8 23. Qd1 Ne4 24. f3 Nc5 25. b4 $36 {[%mdl 2048] White has good play.} Na6 26. Qd7 Qe6 27. Qxe6 fxe6 $14 {[%mdl 4096] Endgame KRB-KRN} 28. Rd1 Nxb4 29. Bb2 Nd5 (29... Rc2 {is interesting.} 30. Be5 Nc6 31. Bg3 Ra2 32. Rd6 Na5) 30. e4 Nc3 31. Bxc3 Rxc3 $16 {[#] KR-KR} 32. Rd8+ $1 Kh7 33. Rd7 Ra3 34. Rxa7 b5 35. Ra6 bxa4 36. Rxe6 Ra2 37. h4 a3 (37... h5 $16 {was worth a try.} 38. Kh2 Kg8) 38. Ra6 $18 h5 39. Kh2 Ra1 (39... g6 $16 {might work better.} 40. Kg3 Kg7 41. Ra7+ Kf6) 40. Kg3 a2 $2 (40... Ra2 41. Kf4 Rxg2) 41. Kf4 Rh1 42. Rxa2 Rxh4+ 43. Kf5 Rh2 44. e5 {Threatening mate with e6.} h4 {[#]} 45. e6 $1 h3 46. e7 hxg2 {[#]} 47. Rxg2 $1 {[%mdl 576] Promotion} Rxg2 48. e8=Q {KQ-KR} Rh2 49. Qg6+ Kg8 50. Qe6+ Kh7 51. Qg6+ Kg8 52. f4 {White mates.} Rh6 53. Qe8+ Kh7 54. Ke5 Rh1 55. Qa8 Rh6 56. f5 Rf6 57. Qe8 Rh6 {[#]} 58. Qe6 $3 {[%mdl 512]} Kh8 {[#]} (58... Rxe6+ 59. fxe6) 59. Qxh6+ $3 {[%mdl 512]} gxh6 60. Ke6 {Accuracy: White = 94%, Black = 55%.} 1-0

[Event "3. Open Bohumin 2020"]
[Site "Bohumin"]
[Date "2020.07.20"]
[Round "3.6"]
[White "Dobrovolsky, Ladislav"]
[Black "Nytra, Ondrej"]
[Result "0-1"]
[WhiteElo "2277"]
[BlackElo "2112"]
[Annotator "TA"]
[PlyCount "72"]
[EventDate "2020.07.18"]
[EventType "swiss"]
[EventCountry "CZE"]
[SourceTitle "playchess.com"]
[Source "ChessBase"]
[SourceQuality "1"]

{[%evp 20,72,24,0,0,0,4,7,32,16,19,28,46,-18,0,0,0,0,62,0,0,-10,0,-3,0,-111,-102,-108,-63,-126,-62,-116,-40,-30,-27,-66,-73,-379,-374,-370,-359,-340,-351,-406,-398,-879,-893,-854,-785,-984,-982,-923,-949,-1122,-1120]} 1. Nf3 d5 2. c4 c6 3. b3 Nf6 4. g3 g6 5. Bb2 Bg7 6. Bg2 O-O 7. O-O Bg4 8. d3 Nbd7 9. Nbd2 Re8 10. h3 Bxf3 11. Bxf3 e5 {A11: English Opening: 1...c6.} 12. cxd5 cxd5 13. Bg2 Qb6 {[#] The position is equal.} 14. e4 $146 ({Predecessor:} 14. e3 Rac8 15. Nf3 Qa6 16. b4 Bf8 17. Qb3 Qb5 18. Rac1 Rc6 19. Rxc6 bxc6 20. Rc1 {0-1 (30) Emch,H-Ortega,L (2415) Rome 1991}) 14... d4 15. Nc4 Qe6 16. f4 (16. a4 $14) 16... Nh5 17. f5 Qa6 18. Qf3 Kh8 ({Black should play} 18... b5 $11 19. fxg6 fxg6 20. Qf7+ Kh8 21. Qxd7 bxc4 22. dxc4 (22. bxc4 Qa5 $11) 22... Nxg3) 19. b4 ({Better is} 19. a4 $14) 19... b5 $36 {[%mdl 2048] Black has some pressure.} 20. Na5 $1 Qd6 21. a3 $1 Rac8 22. Rf2 {[#]} (22. Bc1 $11 {remains equal.}) 22... Bh6 $1 $17 23. Re1 Rc7 24. h4 ({White should try} 24. Bf1 $15) 24... Rec8 (24... Be3 $17 25. Rxe3 dxe3 26. Qxe3 gxf5) 25. Bh3 (25. g4 $15 Nf4 26. g5) 25... Rg8 (25... Rc2 $17 {...Be3 is the strong threat.} 26. Rfe2 Bd2) 26. Rg2 Ndf6 27. Nb3 gxf5 {Threatens to win with ...Be3+.} 28. Bxf5 $2 {[%mdl 8192] [#] Now White is beyond hope.} (28. Nc5 $17 {is tougher.}) 28... Rc2 $1 $19 {[%cal Rc2b2][%mdl 512]} 29. Rxc2 Rxg3+ 30. Qxg3 Nxg3 31. Rc8+ Kg7 32. Kf2 $2 (32. Bc1 Nxf5 33. exf5) 32... Nfh5 {Black is clearly winning.} 33. Bc1 Bxc1 34. Nxc1 Qh6 {And now ...Qf4+ would win.} 35. Rc2 Qf4+ 36. Kg1 Qxh4 {Accuracy: White = 45%, Black = 74%.} 0-1

[Event "3. Open Bohumin 2020"]
[Site "Bohumin"]
[Date "2020.07.20"]
[Round "3.7"]
[White "Kubos, Rostislav"]
[Black "Galuszka, Tomasz"]
[Result "0-1"]
[WhiteElo "2134"]
[BlackElo "2255"]
[Annotator "TA"]
[PlyCount "60"]
[EventDate "2020.07.18"]
[EventType "swiss"]
[EventCountry "CZE"]
[SourceTitle "playchess.com"]
[Source "ChessBase"]
[SourceQuality "1"]

{[%evp 14,60,8,0,16,0,0,-5,24,29,33,26,29,-77,-73,-88,-84,-90,-92,-98,-19,-156,-162,-164,-149,-165,-162,-240,-239,-260,-264,-289,-269,-282,-280,-253,-256,-350,-347,-325,-291,-1234,-1227,-1341,-1210,-1192,-1185,-1100,-1066]} 1. Nf3 d5 2. e3 Nf6 3. c4 c6 4. Nc3 e6 5. b3 Nbd7 6. Qc2 Bd6 7. Bb2 O-O 8. Be2 Qe7 {A11: English Opening: 1...c6.} 9. O-O Re8 10. Rac1 a6 {The position is equal.} 11. d4 e5 12. cxd5 cxd5 {[#]} 13. Na4 $146 {[#]} (13. dxe5 $11 {keeps the balance.} Nxe5 14. Rfd1) ({Predecessor:} 13. dxe5 Nxe5 14. Rfd1 Be6 15. Nd4 g6 16. Nxe6 Qxe6 17. Qd2 Neg4 18. h3 Bh2+ 19. Kh1 Nxf2+ 20. Kxh2 Nxd1 21. Nxd1 {1-0 (31) Ivanchuk,V (2726)-Khenkin,I (2554) Riadh 2017}) 13... e4 $1 $17 {[%cal Re4f3]} 14. Ne5 b5 15. Nxd7 Nxd7 16. Nc5 ({Reject} 16. Qc6 Ra7 $11) 16... Nf6 ({Better is} 16... Qg5 $17) 17. h3 {[#]} (17. Qd1 $1 $11) 17... Bb8 $1 $40 {[%mdl 128] Black wants a kill.} 18. Rfe1 Qd6 {( -> ...Qh2+)} 19. g3 {With the idea Nxe4.} Bxh3 20. Nb7 (20. Qd1 $142) 20... Qe7 $19 21. Na5 Bd6 22. Nc6 Qe6 23. Ne5 Rac8 24. Qd2 h5 25. Qa5 Bxe5 26. dxe5 Ng4 27. Rc7 $2 (27. Rxc8 Rxc8 28. Qd2) 27... Qf5 {Black is clearly winning.} 28. Bxg4 Qxg4 (28... Bxg4 $2 29. e6 $19) 29. Kh2 Rxc7 30. Qxc7 Rc8 {Accuracy: White = 55%, Black = 88%.} 0-1

[Event "3. Open Bohumin 2020"]
[Site "Bohumin"]
[Date "2020.07.20"]
[Round "3.8"]
[White "Kucza, Karol"]
[Black "Lys, Josef"]
[Result "1-0"]
[WhiteElo "2245"]
[BlackElo "2121"]
[Annotator "TA"]
[PlyCount "61"]
[EventDate "2020.07.18"]
[EventType "swiss"]
[EventCountry "CZE"]
[SourceTitle "playchess.com"]
[Source "ChessBase"]
[SourceQuality "1"]

{[%evp 12,61,80,42,64,80,78,62,89,82,79,54,56,52,50,41,98,91,111,117,171,166,177,177,177,168,179,170,180,187,186,181,182,182,189,193,200,206,219,195,307,302,293,289,288,285,265,283,329,256,462,437]} 1. e4 e6 2. d4 d5 3. Nc3 dxe4 4. Nxe4 b6 5. Nf3 Bb7 6. Bb5+ c6 7. Bd3 (7. Bc4 {seems wilder.} Nd7 8. O-O Ngf6 9. Neg5 h6 10. Nxe6 fxe6 11. Re1) 7... Nf6 {C03: French Tarrasch: Unusual Black 3rd moves.} 8. Nxf6+ gxf6 9. Bf4 Na6 {White is slightly better.} 10. c3 Nc7 11. Qe2 Nd5 12. Bg3 {[#]} Bh6 $146 ({Predecessor:} 12... Bd6 13. O-O Nf4 14. Bxf4 Bxf4 15. Ba6 Bxa6 16. Qxa6 O-O 17. Qd3 Kh8 18. g3 Rg8 {1-0 (47) Kholmov,R-Kopaev,N Minsk 1952}) 13. O-O Ne7 ({Black should try} 13... Nf4 $14 14. Bxf4 Bxf4) 14. a4 {White leaves nothing to chance now.} O-O 15. a5 $36 {[%mdl 2048] Black is under strong pressure.} (15. Qe4 Ng6 $11) 15... bxa5 (15... f5 $16 16. Ne5 bxa5) 16. Ra4 ({Don't do} 16. Qe4 $6 Ng6 $16) 16... Ng6 17. Rfa1 f5 18. Rxa5 a6 19. h3 ({Not} 19. Bxa6 Rxa6 20. Rxa6 Bxa6 $11) 19... Bf4 20. Bxa6 Bxg3 21. fxg3 Qc7 {[#]} 22. Kh2 $1 Ra7 23. b4 Bxa6 24. Rxa6 Rb7 25. Qc4 h5 (25... Rc8 $142 26. Qd3 Rb6) 26. Qxc6 h4 27. Qxc7 ({Much less strong is} 27. Nxh4 Nxh4 28. Qxc7 Rxc7) 27... Rxc7 28. R6a3 hxg3+ 29. Kxg3 Ne7 30. Ra7 Rfc8 $2 {[#]} (30... Rxa7 {keeps fighting.} 31. Rxa7 Nd5) 31. c4 $1 {Accuracy: White = 95%, Black = 64%.} 1-0

[Event "3. Open Bohumin 2020"]
[Site "Bohumin"]
[Date "2020.07.20"]
[Round "3.9"]
[White "Niedbala, Bartlomiej"]
[Black "Czerw, Dawid"]
[Result "1-0"]
[WhiteElo "2379"]
[BlackElo "2287"]
[Annotator "TA"]
[PlyCount "119"]
[EventDate "2020.07.18"]
[EventType "swiss"]
[EventCountry "CZE"]
[SourceTitle "playchess.com"]
[Source "ChessBase"]
[SourceQuality "1"]

{[%evp 19,119,0,0,-7,0,0,16,14,20,16,110,78,74,77,169,202,190,187,188,177,203,196,195,204,191,180,177,105,97,103,91,101,97,112,120,125,122,16,6,12,157,154,160,162,166,163,236,230,235,237,229,209,187,110,350,320,270,181,232,232,201,65,65,65,281,266,266,65,710,663,623,65,582,0,582,582,576,568,65,65,545,538,383,356,271,183,2389,1943,29977,29978,29978,29979,29979,29979,29979,29980,29980,29981,29981,29982,29988,29976]} 1. d4 Nf6 2. c4 e6 3. Nf3 d5 4. Nc3 c6 5. Bg5 Nbd7 6. e3 Qa5 7. cxd5 exd5 8. Bd3 Ne4 9. O-O Nxg5 10. Nxg5 Nf6 11. Qe1 {11.f4 is a critical line. D52: Queen's Gambit Declined: Cambridge Springs Variation.} Be7 12. f4 h6 13. Nf3 {[#] The position is equal.} Qd8 $146 ({Predecessor:} 13... O-O 14. a3 Qd8 15. Ne5 c5 16. Rd1 cxd4 17. exd4 a6 18. Bb1 Qd6 19. Qg3 Be6 {0-1 (27) Medeiros Jovany,L-Bracco,P Brazil 1984}) 14. Ne5 g5 (14... a6 $11) 15. fxg5 hxg5 16. Bf5 Be6 (16... Bxf5 $16 17. Rxf5 Qd6) 17. Bxe6 $18 fxe6 18. Qg3 Rh5 19. Rf2 {And now Raf1 would win.} Qd6 20. Raf1 $1 Nd7 21. Rf7 $1 {Ng6 is the strong threat.} Nxe5 22. dxe5 ({Weaker is} 22. Qxe5 Qxe5 23. dxe5 Bc5 $15) 22... Qb4 23. Ne2 (23. Qf2 $1 $18 Rh8 24. h3) 23... Qh4 $16 24. Nd4 Qxg3 25. hxg3 Rh6 26. Rg7 {Threatens to win with Rg8+.} Rd8 27. g4 a6 28. Rff7 (28. b4 $1 $16) 28... Bf8 $11 29. Rh7 $40 {[%mdl 128] White is up to no good.} c5 (29... Rxh7 $11 {remains equal.} 30. Rxh7 Rd7) 30. Rxf8+ $1 $16 {[%mdl 64] Remove Defender} Kxf8 31. Rxh6 cxd4 32. exd4 {[%mdl 4096] Endgame KR-KR} Re8 (32... Rd7 $142 33. Rxe6 Rc7) 33. Rh8+ $18 Ke7 34. Rh7+ Kf8 35. Rxb7 Rc8 36. Rb6 (36. Ra7 $18) 36... Rc2 $2 (36... a5 $16 {was worth a try.}) 37. Rxe6 Rxb2 38. Rd6 Rxa2 39. Rxd5 Ke7 40. Rd6 (40. Kh2 $18) 40... a5 $14 41. Kh2 {Strongly threatening Kg3.} a4 $2 (41... Ra3 $1 $14) 42. Ra6 a3 {[#]} 43. d5 $2 ({Only move:} 43. Kg3 $1 $18) 43... Re2 $2 {[%mdl 8192]} (43... Rd2 $14) 44. Ra7+ Ke8 45. Ra8+ $2 ({White has to play} 45. Rxa3 $18 Rxe5 46. Rd3) 45... Ke7 $2 {[%mdl 8192]} (45... Kd7 $14) 46. Ra7+ Ke8 $1 47. Rxa3 Rxe5 {[#]} 48. Rd3 $1 Kd7 49. d6 $1 Re6 $2 {[%mdl 8192]} ({Black should play} 49... Re8 $1 $14 50. Rd5 Rg8) 50. Rd5 $18 Rg6 51. Kg3 Rg8 52. Kf3 Ke6 $2 (52... Rf8+ 53. Ke3 Re8+ 54. Kf3 Rf8+ 55. Ke3 Re8+ 56. Kf3 Rf8+) 53. Ke4 Rf8 54. d7 {White mates.} Rd8 55. g3 Kf6 56. Rd6+ Ke7 57. Ke5 Kf7 58. Rd1 Ke7 59. Rd2 Kf7 60. Ke4 {Accuracy: White = 67%, Black = 48%.} 1-0

[Event "3. Open Bohumin 2020"]
[Site "Bohumin"]
[Date "2020.07.20"]
[Round "3.10"]
[White "Fargac, Martin"]
[Black "Neumann, Filip"]
[Result "1/2-1/2"]
[WhiteElo "2306"]
[BlackElo "2042"]
[Annotator "TA"]
[PlyCount "76"]
[EventDate "2020.07.18"]
[EventType "swiss"]
[EventCountry "CZE"]
[SourceTitle "playchess.com"]
[Source "ChessBase"]
[SourceQuality "1"]

{[%evp 13,76,0,0,1,15,17,32,30,33,29,40,39,34,32,30,-168,-163,-161,-162,-154,-152,-168,-156,-165,-106,-99,-116,-118,-118,-89,-111,-131,-134,-140,-139,-125,-64,-71,-65,-63,-70,-87,-58,-97,-97,-139,-139,-131,-123,-149,-171,-164,-156,-145,-133,-149,-90,-168,0,-162,0,-159,0,-138,0]} 1. d4 Nf6 2. Nf3 d5 3. c4 e6 4. Nc3 Bb4 5. e3 O-O 6. a3 Bxc3+ 7. bxc3 c5 8. Be2 {E51: Nimzo-Indian: Rubinstein: 4...0-0 5 Nf3 d5.} b6 9. cxd5 {[#]} Nxd5 $146 ({Predecessor:} 9... exd5 10. O-O Ba6 11. Bxa6 Nxa6 12. Qa4 Nc7 13. Qc2 c4 14. a4 Re8 15. Ne5 Ne6 16. f3 Qc7 17. e4 Nc5 18. exd5 Nxd5 19. Nxc4 Ne6 {0-1 (29) Schirowski,C (1677)-Suri,H (1927) Zuerich 2010}) 10. Bb2 {White is slightly better.} cxd4 11. cxd4 Ba6 12. Bxa6 Nxa6 {[%cal Bb8a6,Ba6c5,Bc5e4,Be4d6][%mdl 32]} 13. e4 Nf6 14. Qd3 $2 {[#]} (14. Qe2 $11 {and White is okay.} Nb8 15. Rc1) 14... Nc5 $1 $19 {[%cal Rc5d3][%mdl 576] Double Attack, Pin} 15. Qe2 (15. dxc5 Qxd3) 15... Ncxe4 16. O-O Qd5 17. Rac1 Nd6 18. h3 Qb5 (18... Rac8 $19 19. Qa6 Qb3 20. Rxc8 Rxc8) 19. Qxb5 $17 Nxb5 20. a4 Nd6 21. Ba3 Rfd8 22. Bxd6 Rxd6 23. Rc7 Nd5 24. Rb7 Nc3 (24... Rc6 $17 25. Rxf7 {[%mdl 64] Decoy} Kxf7 26. Ne5+ Ke7 27. Nxc6+ Kd6) 25. Kh2 $15 f6 26. Rc1 Nd5 27. g4 a6 28. h4 Rad8 29. g5 R6d7 30. Rxd7 Rxd7 $17 {[%mdl 4096] Endgame KRN-KRN} 31. Rc8+ Kf7 32. h5 Rc7 33. Ra8 {[#]} a5 $1 34. Rb8 Rc3 ({Black should try} 34... h6 35. g6+ Ke7) 35. Rb7+ (35. Nd2 $17 {might work better.}) 35... Rc7 36. Rb8 $1 Rc3 37. Rb7+ Rc7 38. Rb8 $1 Rc3 {Accuracy: White = 75%, Black = 78%.} (38... Ke7 $17 39. Kg3 fxg5) 1/2-1/2

[Event "3. Open Bohumin 2020"]
[Site "Bohumin"]
[Date "2020.07.20"]
[Round "3.11"]
[White "Czerwonski, Aleksander"]
[Black "Kolar, Stanislav"]
[Result "1-0"]
[WhiteElo "2362"]
[BlackElo "2057"]
[Annotator "TA"]
[PlyCount "87"]
[EventDate "2020.07.18"]
[EventType "swiss"]
[EventCountry "CZE"]
[SourceTitle "playchess.com"]
[Source "ChessBase"]
[SourceQuality "1"]

{[%evp 13,87,12,45,36,65,68,125,122,124,127,143,152,327,334,333,345,326,308,299,253,239,242,231,200,203,208,204,218,563,556,516,304,613,457,466,327,341,308,307,308,457,452,516,514,497,442,518,425,586,596,871,808,749,581,561,496,737,728,647,762,750,755,750,747,870,705,850,845,1031,965,5261,5118,29995,29996,29996,29997]} 1. d4 Nf6 2. Nf3 e6 3. c4 b6 4. g3 Bb4+ 5. Bd2 Be7 6. Bg2 Bb7 7. Nc3 $1 {7.Nc3 scores better than 7.0-0.} Ne4 8. d5 {E16: Queen's Indian: 4 g3 Bb7 5 Bg2 Bb4+.} Nd6 9. b3 {[#]} Bf6 $146 {[#]} (9... f5 $14) ({Predecessor:} 9... f5 10. Bf4 Bf6 11. Rc1 Qe7 12. Bxd6 Qxd6 13. O-O a6 14. e4 O-O 15. e5 Bxe5 16. Nxe5 Qxe5 {1-0 (30) Ernst,S (2556)-Van Weersel,A (2167) Apeldoorn 2010}) 10. e4 $1 $16 {[%cal Re4e5] aiming for e5.White is better.} e5 11. h4 a5 12. g4 h6 $2 (12... g6 $16) 13. g5 $18 hxg5 14. hxg5 Rxh1+ 15. Bxh1 Be7 16. Qe2 Na6 17. O-O-O ({But not} 17. Nxe5 $6 Bxg5 18. Qh5 Bxd2+ 19. Kxd2 Qf6 $16) 17... f6 {[#]} 18. Nxe5 $1 {[%mdl 512]} fxe5 19. Qh5+ Nf7 {[%cal Re7g5] [#]} 20. g6 $1 {[%cal Rg6f7]} Nd6 $2 (20... Ba3+ {is a better chance.} 21. Kb1 Qe7) 21. Qxe5 Nc5 22. Qxg7 {Threatening mate with Nb5.} Nd3+ $2 (22... Bf8 23. Qh8 Qe7) 23. Kc2 {Intending Bh6 and mate.} Bf8 24. Qh7 Nb4+ 25. Kb1 Qf6 26. Qh5 {Black must now prevent g7+.} O-O-O (26... Bg7 {was necessary.} 27. e5 {[%mdl 64] Double Attack} Qf5+ 28. Qxf5 Nxf5) 27. e5 {[%mdl 64] Double Attack} Qf5+ 28. Qxf5 Nxf5 29. Be4 Ng7 30. Rh1 Re8 31. f4 Kd8 32. Rh7 c6 33. Be1 cxd5 34. cxd5 Ba6 (34... Kc8 $142 35. Bh4 Ba6) 35. Bh4+ Kc8 36. Bf6 Bd3+ 37. Bxd3 Nxd3 38. Bxg7 Bxg7 39. Rxg7 Nxf4 {[#] KRN-KRN} 40. e6 $1 dxe6 41. d6 Rh8 42. Nb5 {Na7+ would kill now.} Nh5 43. Na7+ Kd8 44. Nc6+ {Black got outplayed after the opening. Accuracy: White = 83%, Black = 33%.} 1-0